[Event "Berlin-ch Seniors op 33rd"]
[Site "Berlin"]
[Date "2017.02.06"]
[Round "6"]
[White "Kammler, Hans Joachim"]
[Black "Kasper, Peter"]
[Result "0-1"]
[WhiteElo "1477"]
[BlackElo "1728"]
[PlyCount "40"]
[EventDate "2017.01.31"]
[EventType "swiss"]
[EventRounds "9"]
[EventCountry "GER"]
[SourceTitle "EXT 2019"]
[Source "ChessBase"]
[SourceDate "2018.10.10"]
[SourceVersion "1"]
[SourceVersionDate "2018.10.10"]
[SourceQuality "1"]

1. e4 c6 2. d4 d5 3. exd5 cxd5 4. c4 dxc4 5. Bxc4 e6 6. Nf3 a6 7. a3 Nf6 8. Nc3 h6 9. b4 b5 10. Be2 Bb7 11. Bb2 Nbd7 12. 0-0 Nb6 13. Rc1 Nbd5 14. Qd2 Bd6 15. Ne5 Nxc3 16. Bxc3 Rc8 17. f3 0-0 18. Qf4 Qb6 19. Bb2 Nd5 20. Qd2 Bxe5 0-1

[Event "Berlin Lichtenberger op 15th"]
[Site "Berlin"]
[Date "2016.08.15"]
[Round "3"]
[White "Kasper, Peter"]
[Black "Lehmkuhl, Stefan"]
[Result "1/2-1/2"]
[WhiteElo "1778"]
[BlackElo "1875"]
[PlyCount "43"]
[EventDate "2016.08.13"]
[EventType "swiss"]
[EventRounds "9"]
[EventCountry "GER"]
[SourceTitle "CBM 173 Extra"]
[Source "ChessBase"]
[SourceDate "2016.08.29"]
[SourceVersion "1"]
[SourceVersionDate "2016.08.29"]
[SourceQuality "1"]

1. e4 d6 2. d4 Nf6 3. Nc3 c6 4. Bg5 Qa5 5. Bd2 Qc7 6. f4 e5 7. fxe5 dxe5 8. dxe5 Ng4 9. Nf3 Nxe5 10. Nxe5 Qxe5 11. Qf3 Be6 12. Bf4 Qa5 13. a3 Nd7 14. Be2 Nf6 15. 0-0 Be7 16. Qg3 0-0-0 17. b4 Qb6+ 18. Be3 Qc7 19. Bf4 Qb6+ 20. Be3 Qc7 21. Bf4 Qb6+ 22. Be3 1/2-1/2

[Event "Berlin-ch Seniors op 31st"]
[Site "Berlin"]
[Date "2015.02.05"]
[Round "7"]
[White "Kasper, Peter"]
[Black "Kuntosch, Peter"]
[Result "1-0"]
[WhiteElo "1549"]
[BlackElo "1200"]
[PlyCount "83"]
[EventDate "2015.01.29"]
[EventType "swiss"]
[EventRounds "9"]
[EventCountry "GER"]
[SourceTitle "EXT 2018"]
[Source "ChessBase"]
[SourceDate "2017.10.13"]
[SourceVersion "1"]
[SourceVersionDate "2017.10.13"]
[SourceQuality "1"]

1. b4 e6 2. Bb2 Nc6 3. b5 Na5 4. e3 c6 5. a4 Nf6 6. Nf3 Be7 7. Be2 0-0 8. c4 d5 9. cxd5 Nxd5 10. 0-0 Bd7 11. bxc6 Bxc6 12. Ne5 Bf6 13. d4 a6 14. Nc3 Nxc3 15. Bxc3 Bxe5 16. dxe5 Qxd1 17. Rfxd1 Nb3 18. Ra3 Nc5 19. Bb4 b6 20. Rc1 Rfc8 21. Bxc5 Bd5 22. Rac3 Rxc5 23. Rxc5 bxc5 24. Rxc5 Rb8 25. Bxa6 Rb1+ 26. Bf1 g6 27. f3 Ra1 28. a5 Bb7 29. Kf2 Ra2+ 30. Kg3 h5 31. Rb5 Ra1 32. Rxb7 Rxf1 33. a6 Ra1 34. a7 Kg7 35. Kf2 Ra2+ 36. Ke1 Ra1+ 37. Kd2 Ra2+ 38. Kc3 Ra1 39. Kd4 Ra4+ 40. Kc5 Ra2 41. Kb6 Rb2+ 42. Kc7 1-0

[Event "Berlin-ch Seniors op 30th"]
[Site "Berlin"]
[Date "2014.02.03"]
[Round "5"]
[White "Kasper, Peter"]
[Black "Klevenow, Ursula"]
[Result "1-0"]
[WhiteElo "1587"]
[BlackElo "1404"]
[PlyCount "113"]
[EventDate "2014.01.30"]
[EventType "swiss"]
[EventRounds "9"]
[EventCountry "GER"]
[SourceTitle "EXT 2018"]
[Source "ChessBase"]
[SourceDate "2017.10.13"]
[SourceVersion "1"]
[SourceVersionDate "2017.10.13"]
[SourceQuality "1"]

1. b4 d5 2. Bb2 Bf5 3. e3 e6 4. Nf3 Nf6 5. b5 Bd6 6. c4 0-0 7. Be2 c5 8. d3 Nbd7 9. Nbd2 Qa5 10. Qc1 Bg4 11. Bc3 Qc7 12. h3 Bh5 13. Nh4 Bxe2 14. Kxe2 Be5 15. Nhf3 Bxc3 16. Qxc3 e5 17. Qc2 d4 18. e4 Nh5 19. g3 Qd6 20. Kf1 Qg6 21. Kg2 Nf4+ 22. Kh2 Nh5 23. Rhf1 Qe6 24. Qd1 Qh6 25. Ng1 g6 26. h4 Ng7 27. Ndf3 Ne6 28. Qd2 Qxd2 29. Nxd2 b6 30. a4 f5 31. f3 f4 32. g4 h6 33. a5 Kg7 34. Ra3 bxa5 35. Rxa5 Nb6 36. Rfa1 Rf7 37. Nb3 Rc7 38. R5a3 Kf7 39. Ra6 Nc8 40. Na5 Nd8 41. Nb3 Ne6 42. Nh3 Nb6 43. Rxb6 axb6 44. Rxa8 Ng7 45. Nf2 Ne6 46. Nd1 Nf8 47. Nb2 Rb7 48. Na4 Nd7 49. Kg2 Nf6 50. Ra6 Nd7 51. Kf2 Ke7 52. Ke2 Kd8 53. Kd2 Kc7 54. Nbxc5 Nxc5 55. Nxc5 bxc5 56. Rc6+ Kb8 57. Rxg6 1-0

[Event "Berlin Lichtenberger op 11th"]
[Site "Berlin"]
[Date "2012.08.26"]
[Round "9"]
[White "Bergmann, Jens"]
[Black "Kasper, Peter"]
[Result "0-1"]
[WhiteElo "1946"]
[BlackElo "1822"]
[PlyCount "74"]
[EventDate "2012.08.18"]
[EventType "swiss"]
[EventRounds "9"]
[EventCountry "GER"]
[SourceTitle "CBM 150 Extra"]
[Source "ChessBase"]
[SourceDate "2012.10.19"]
[SourceVersion "1"]
[SourceVersionDate "2012.10.19"]
[SourceQuality "1"]

1. e4 c6 2. d4 d5 3. Nc3 dxe4 4. Nxe4 Bf5 5. Nc5 b6 6. Nb3 e6 7. a4 Nf6 8. Bf4 Bd6 9. Bxd6 Qxd6 10. Nf3 Nbd7 11. Nh4 Qf4 12. Nxf5 Qxf5 13. Bd3 Qd5 14. 0-0 0-0 15. f4 c5 16. Qe2 Rac8 17. Ba6 Rc7 18. dxc5 Nxc5 19. Nxc5 Qxc5+ 20. Rf2 Nd5 21. Qe4 Nf6 22. Qf3 Rd7 23. Bd3 Qd4 24. Ra2 Rfd8 25. g4 g6 26. Kf1 Qd5 27. Qxd5 Nxd5 28. Ra1 Nb4 29. Bc4 Rd2 30. c3 Nc2 31. Rxd2 Rxd2 32. Rc1 Ne3+ 33. Ke1 Nxc4 34. b3 Rxh2 35. bxc4 Rh1+ 36. Kd2 Rxc1 37. Kxc1 h5 0-1

[Event "Berlin Lichtenberger op 9th"]
[Site "Berlin"]
[Date "2010.08.10"]
[Round "4"]
[White "Streit, Juergen"]
[Black "Kasper, Peter"]
[Result "1-0"]
[WhiteElo "1946"]
[BlackElo "1846"]
[PlyCount "87"]
[EventDate "2010.08.07"]
[EventType "swiss"]
[EventRounds "9"]
[EventCountry "GER"]
[SourceTitle "CBM 137 Extra"]
[Source "ChessBase"]
[SourceDate "2010.09.01"]
[SourceVersion "1"]
[SourceVersionDate "2010.09.01"]
[SourceQuality "1"]

1. e4 c6 2. Nc3 d5 3. Qf3 dxe4 4. Nxe4 h6 5. Bc4 e6 6. Ne2 Nd7 7. d4 Ngf6 8. N4g3 Bd6 9. 0-0 Qc7 10. Bb3 b6 11. Re1 Bb7 12. Bf4 Bxf4 13. Qxf4 0-0-0 14. a4 Qxf4 15. Nxf4 c5 16. c3 cxd4 17. cxd4 Nb8 18. Nd3 Bd5 19. Bc2 Nc6 20. Ne5 Rhf8 21. Rac1 Kb8 22. Ne2 Nb4 23. Bb1 Rc8 24. Nc3 Bb7 25. Nb5 Nc6 26. Nd6 Rc7 27. Nb5 Rcc8 28. Be4 Nxe5 29. Rxc8+ Bxc8 30. dxe5 Nxe4 31. Rxe4 Bb7 32. Rc4 Ba6 33. Rb4 Bxb5 34. Rxb5 Rc8 35. Kf1 Rc5 36. Rxc5 bxc5 37. Ke2 f5 38. Kd3 Kc7 39. Kc4 Kc6 40. a5 g5 41. h3 h5 42. g3 h4 43. gxh4 gxh4 44. f4 1-0

[Event "Berlin Lichtenberger op 8th"]
[Site "Berlin"]
[Date "2009.08.22"]
[Round "8"]
[White "Kasper, Peter"]
[Black "Lischeid, Kilian"]
[Result "1-0"]
[WhiteElo "1583"]
[BlackElo "879"]
[PlyCount "79"]
[EventDate "2009.08.15"]
[EventType "swiss"]
[EventRounds "9"]
[EventCountry "GER"]
[SourceTitle "CBM 131 Extra"]
[Source "ChessBase"]
[SourceDate "2009.09.03"]
[SourceVersion "2"]
[SourceVersionDate "2009.09.16"]
[SourceQuality "1"]

1. b4 e5 2. Bb2 e4 3. e3 Nf6 4. a3 d5 5. c4 c6 6. Qc2 Qc7 7. cxd5 Nxd5 8. Qxe4+ Be6 9. Nf3 Nd7 10. Ng5 Qd6 11. Nxe6 Qxe6 12. Qxe6+ fxe6 13. Be2 0-0-0 14. Bd3 Re8 15. 0-0 Rg8 16. Nc3 Ne5 17. Be2 Bd6 18. f4 Ng6 19. Bh5 Ref8 20. Bxg6 hxg6 21. Rf3 Nxc3 22. Bxc3 Re8 23. Rg3 Kd7 24. Rxg6 e5 25. g3 exf4 26. gxf4 Re7 27. Rf1 b6 28. Rf2 c5 29. bxc5 Bxc5 30. Bb2 Re6 31. f5 Rxg6+ 32. fxg6 Ke6 33. a4 Bb4 34. Kf1 Kd5 35. d3 Re8 36. e4+ Kc6 37. Bxg7 Rg8 38. Rf7 Bd6 39. h4 Bg3 40. h5 1-0

[Event "Berlin Lichtenberger op 8th"]
[Site "Berlin"]
[Date "2009.08.21"]
[Round "7"]
[White "Kuechler, Felix"]
[Black "Kasper, Peter"]
[Result "1/2-1/2"]
[WhiteElo "1714"]
[BlackElo "1583"]
[PlyCount "84"]
[EventDate "2009.08.15"]
[EventType "swiss"]
[EventRounds "9"]
[EventCountry "GER"]
[SourceTitle "CBM 131 Extra"]
[Source "ChessBase"]
[SourceDate "2009.09.03"]
[SourceVersion "2"]
[SourceVersionDate "2009.09.16"]
[SourceQuality "1"]

1. e4 c6 2. d4 d5 3. Nc3 dxe4 4. Nxe4 Bf5 5. Ng3 Bg6 6. h4 h6 7. h5 Bh7 8. Bc4 e6 9. Bf4 Nd7 10. Nf3 Qb6 11. Bb3 Be7 12. 0-0 Ngf6 13. c4 Rd8 14. Qe2 0-0 15. d5 cxd5 16. cxd5 Nc5 17. dxe6 fxe6 18. Be3 Bd6 19. Bxc5 Qxc5 20. Qxe6+ Kh8 21. Qh3 Bxg3 22. Qxg3 Nxh5 23. Qe5 Rf5 24. Qxc5 Rxc5 25. Rac1 Rf5 26. Rc7 Rf6 27. Ne5 Bg8 28. Bxg8 Kxg8 29. Rxb7 Rdf8 30. Rb3 Rf5 31. Ng6 Re8 32. Rb7 Kh7 33. Nh4 Rf6 34. Rxa7 Ref8 35. Nf3 Nf4 36. Kh2 Nxg2 37. Kxg2 Rxf3 38. b4 R3f4 39. b5 R8f5 40. Kg3 Rf3+ 41. Kg2 R3f4 42. Kg3 Rf3+ 1/2-1/2

[Event "Berlin Lichtenberger op 8th"]
[Site "Berlin"]
[Date "2009.08.16"]
[Round "3"]
[White "Kasper, Peter"]
[Black "Schueler, Wolfgang"]
[Result "0-1"]
[WhiteElo "1583"]
[BlackElo "1998"]
[PlyCount "88"]
[EventDate "2009.08.15"]
[EventType "swiss"]
[EventRounds "9"]
[EventCountry "GER"]
[SourceTitle "CBM 131 Extra"]
[Source "ChessBase"]
[SourceDate "2009.09.03"]
[SourceVersion "2"]
[SourceVersionDate "2009.09.16"]
[SourceQuality "1"]

1. e4 e5 2. Nf3 Nc6 3. Bc4 Bc5 4. c3 Nf6 5. d4 exd4 6. cxd4 Bb4+ 7. Bd2 Bxd2+ 8. Nbxd2 d5 9. exd5 Nxd5 10. 0-0 Nce7 11. Re1 0-0 12. a3 c6 13. Re4 Bf5 14. Re5 Qd7 15. Nb3 b6 16. Qd2 Ng6 17. Ree1 Rae8 18. Rxe8 Rxe8 19. Re1 Rxe1+ 20. Qxe1 Nge7 21. Nbd2 Qe6 22. Bxd5 Qxe1+ 23. Nxe1 Nxd5 24. g3 f6 25. Nc4 Kf8 26. Ne3 Be6 27. Nxd5 Bxd5 28. Nc2 Ke7 29. f4 Kd6 30. Kf2 Be4 31. Ne3 c5 32. dxc5+ Kxc5 33. Ke2 Kd4 34. Kd2 Bg6 35. b4 a6 36. Nc2+ Bxc2 37. Kxc2 Kc4 38. Kb2 f5 39. Kc2 h5 40. Kb2 a5 41. bxa5 bxa5 42. Kc2 a4 43. h3 Kd4 44. Kd2 h4 0-1